| 000 | 00824nas a2200265 4500 | ||
|---|---|---|---|
| 001 | BR9701468 | ||
| 003 | BR-BrBNA | ||
| 005 | 20231205100044.0 | ||
| 007 | ta | ||
| 008 | 230509b bl.|||p| |||| 00| 00por d | ||
| 040 |
_aBR-BrBNA _bpor _cBiblioteca Nacional de Agricultura |
||
| 041 | _a(En) | ||
| 072 | _aL72 | ||
| 100 | 1 | _aGuimaraes, M.P. | |
| 100 | 1 | _aCosta, H.M.A. | |
| 100 | 1 | _aCosta, J.O. | |
| 245 | 1 | _aScanning electron microscopy of lesions caused by Strongylus vulgaris in the intestinal wall of the horse | |
| 650 | _aEquino | ||
| 650 | _aParasito de Animal | ||
| 650 | _aIleo | ||
| 650 | _aNematoide | ||
| 773 | 0 |
_tRevista Brasileira de Parasitologia Veterinaria (Brazil) _xISSN 0103-846X _g(Aug 1992), v. 1(2) p. 81-83 _wBR9701468 |
|
| 909 |
_a202311 _bLúcia _c55 _dLúcia Elande |
||
| 942 |
_2AGRIS _n0 _cANA |
||
| 999 |
_c154152 _d154152 |
||